Educación y recursos humanos para el desarrollo/

Según Gámez la formación del hombre deseado ha de ser el gran objetivo del sistema educativo, creando en él aptitudes positivas ante los valores establecidos por la sociedad. El ponente, en cuatro acápites, responde al cuestionario sobre educación. Esas secciones son: i-. Los problemas fundamentales...

Descripció completa

Guardat en:
Dades bibliogràfiques
Autor principal: Gámez Solano, Uladislao (Autor)
Autor corporatiu: Universidad Nacional (Costa Rica)
Format: Desconegut
Idioma:Spanish
Matèries:
Etiquetes: Afegir etiqueta
Sense etiquetes, Sigues el primer a etiquetar aquest registre!

MARC

LEADER 00000 a2200000 04500
001 4451
003 CIDCACS
005 20221103111750.0
008 221103b |||||||| |||| 00| 0 spa d
040 |a CRAI/IIS  |c CRAI/IIS 
100 1 |9 10783  |a Gámez Solano, Uladislao  |e Autor 
245 1 |a Educación y recursos humanos para el desarrollo/  |c Uladislao Gámez Solano 
300 |a páginas 245-252 
520 |a Según Gámez la formación del hombre deseado ha de ser el gran objetivo del sistema educativo, creando en él aptitudes positivas ante los valores establecidos por la sociedad. El ponente, en cuatro acápites, responde al cuestionario sobre educación. Esas secciones son: i-. Los problemas fundamentales de la educación costarricense ii-. El marco jurídico e institucional del sistema educativo iii-. Caracterización de la política educativa de Costa Rica, visión Curricular, donde trata los siguientes subtemas: la educación preescolar, la educación general básica y diversificada, la educación especial, la educación de adultos, la formación y capacitación de recursos humanos, financiamiento de la educación, la educación superior y el papel de los gremios y, iv-. Perspectivas de la educación. EBZ/ebz  
650 |a SISTEMAS DE ENSEÑANZA  
650 |a VALORES SOCIALES  
650 |a EDUCACION  
650 |a LEGISLACION  
650 |a MARCO INSTITUCIONAL  
650 |a POLITICA EDUCATIVA  
650 |a PROGRAMA DE ESTUDIOS  
650 |a EDUCACION PREPRIMARIA  
650 |a EDUCACION BASICA  
650 |a EDUCACION ESPECIAL  
650 |a EDUCACION DE ADULTOS  
650 |a FORMACION DE DOCENTES  
650 |a FINANCIAMIENTO DE LA  
710 |a Universidad Nacional (Costa Rica)  
773 0 |0 17141  |9 4797  |a Costa Rica.  |d Heredia: UNA, 1993  |o 22321  |t Ideario Costarricense /  |w (cru CIDCACS/IIS)4416 
942 |2 ddc  |c LI 
999 |c 4317  |d 4317